Shadowfever [sound recording] / Karen Marie Moning.
In Dreamfever, Karen Marie Moning has left listeners with the most heart-stopping cliffhanger to date. Shadowfever will answer all the questions fans have been dying to know in the final chapter of MacKayla Lane's shockingly suspenseful and deeply satisfying adventure.
Record details
- ISBN: 9781423342144
- Physical Description: 17 sound discs (20 hr., 7 min.) : digital ; 4 3/4 in.
- Publisher: Grand Haven, MI : Brilliance Audio, p2010.
Content descriptions
| General Note: | Title from container. Unabridged. Compact discs. |
| Creation/Production Credits Note: | Director, Kristopher Kessel. |
| Participant or Performer Note: | Read by Natalie Ross and Phil Gigante. |
Search for related items by subject
| Subject: | Sisters > Crimes against > Fiction. Orphans > Fiction. Magic > Fiction. Immortalism > Fiction. Audiobooks. Ireland > Fiction. Epic literature. Audiobooks. |
| Genre: | Fantasy fiction. |
Search for related items by series
| LDR | 01731cim a2200445Ia 4500 | ||
|---|---|---|---|
| 001 | 133232 | ||
| 003 | CONS | ||
| 005 | 20160216072013.0 | ||
| 007 | sd fungnnmmneu | ||
| 008 | 101026s2010 miunnnn f n eng d | ||
| 020 | . | ‡a9781423342144 | |
| 028 | 0 | 1. | ‡aBM607 ‡bRecorded Books |
| 035 | . | ‡a(CPomAG)LMN505267 | |
| 043 | . | ‡ae-ie--- | |
| 050 | 4. | ‡aPS3613.O527 ‡bS53 2010ab | |
| 082 | 0 | 4. | ‡a813/.6 ‡222 |
| 100 | 1 | . | ‡aMoning, Karen Marie. |
| 245 | 1 | 0. | ‡aShadowfever ‡h[sound recording] / ‡cKaren Marie Moning. |
| 260 | . | ‡aGrand Haven, MI : ‡bBrilliance Audio, ‡cp2010. | |
| 300 | . | ‡a17 sound discs (20 hr., 7 min.) : ‡bdigital ; ‡c4 3/4 in. | |
| 500 | . | ‡aTitle from container. | |
| 511 | 0 | . | ‡aRead by Natalie Ross and Phil Gigante. |
| 508 | . | ‡aDirector, Kristopher Kessel. | |
| 500 | . | ‡aUnabridged. | |
| 500 | . | ‡aCompact discs. | |
| 520 | . | ‡aIn Dreamfever, Karen Marie Moning has left listeners with the most heart-stopping cliffhanger to date. Shadowfever will answer all the questions fans have been dying to know in the final chapter of MacKayla Lane's shockingly suspenseful and deeply satisfying adventure. | |
| 650 | 0. | ‡aSisters ‡xCrimes against ‡vFiction. | |
| 650 | 0. | ‡aOrphans ‡vFiction. | |
| 650 | 0. | ‡aMagic ‡vFiction. | |
| 650 | 0. | ‡aImmortalism ‡vFiction. | |
| 650 | 0. | ‡aAudiobooks. | |
| 651 | 0. | ‡aIreland ‡vFiction. | |
| 655 | 7. | ‡aFantasy fiction. ‡2gsafd | |
| 650 | 0. | ‡aEpic literature. | |
| 650 | 0. | ‡aAudiobooks. | |
| 700 | 1 | . | ‡aRoss, Natalie. |
| 700 | 1 | . | ‡aGigante, Phil. |
| 800 | 1 | . | ‡aMoning, Karen Marie. ‡tFever series (Brilliance Audio (Firm)) ; ‡v5. |
| 959 | . | ‡i32269000876907 ‡lBK/CD Mon ‡aAdult - Audiobook ‡tAudiobook ‡g40.00 ‡d17 discs | |
| 852 | . | ‡p32269000876907 ‡jBK/CD Mon ‡gAdult - Audiobook ‡cAudiobook ‡y40.00 ‡bSBPL | |
| 901 | . | ‡a133232 ‡bUnknown ‡c133232 ‡tbiblio | |